| 000 | 00525nam a22001697a 4500 | ||
|---|---|---|---|
| 999 |
_c8719 _d8719 |
||
| 008 | 201211b ||||| |||| 00| 0 eng d | ||
| 040 | _aBMS College of Architecture | ||
| 100 | _aS, Krithika | ||
| 245 | _aAdivasi research and empowerment centre Jagdalpur | ||
| 300 | _a36p. | ||
| 500 | _a1BM11AT028 | ||
| 502 |
_8B,Arch _NBMS College of Architecture, Visvesvaraya Technological University (VTU) _aProject report _d2015 |
||
| 650 | _aNA | ||
| 700 |
_aSowmya M _eGuide |
||
| 700 |
_aChaitali Babar _eGuide |
||
| 942 |
_2ddc _cTHE |
||